• 首页
  • 本馆介绍
  • 公告通知
  • 最新文献
  • 馆藏检索
  • 电子资源
  • 读者导购
  • 参考咨询
  • 我的图书馆
  • 登录
  • 详细信息显示
  • 放入我的书架
  • 预约/预借图书
  • 作者相关作品
  • 分类相关作品
  • 丛书相关作品
  • 出版社相关作品

书目信息

  • 表格格式
  • 工作单格式
  • 卡片格式
题名:
华山碑
    
 
作者: ;中国书店
分册:  
出版信息: 北京   中国书店  2001.01
页数: 92页
开本: 35cm
丛书名: 汉刻名碑
单 册:
中图分类: J292.22
科图分类:
主题词: 隶书--碑帖--中国--东汉时代 , CT--S046880--隶书 , CT--S002581--碑帖
电子资源:
ISBN: 7-80663-017-1
000 00856oam2 2200289 45
001 012001029295
005 20070926084420.16
010    @a7-80663-017-1@dCNY10.00
100    @a20010522d2001 em y0chiy0110 ea
101 0  @achi
102    @aCN@b110000
105    @ay z 000yy
106    @ad
200 1  @a华山碑@AHua Shan Bei@f中国书店
210    @a北京@c中国书店@d2001.01
215    @a92页@d35cm
225 2  @a汉刻名碑
330    @a《华山碑》全称《汉西岳华山庙碑》,是汉碑隶书成熟时期的代表作之一。书风朴茂古拙又圆转流动;用笔丰满中和,为书家所推重。
410  0 @12001 @a汉刻名碑
606 0  @a隶书@x碑帖@y中国@z东汉时代
606 0  @2CT@3S046880@a隶书
606 0  @2CT@3S002581@a碑帖
690    @aJ292.22@v4
711 02 @a中国书店@Azhong guo shu dian
801  0 @aCN@bNLC@c20070926
905    @aBZT@dJ292.22@e14
906    @dCNY10.00@n0@r1
    
    华山碑/中国书店.-北京:中国书店,2001.01
    92页;35cm.-(汉刻名碑)
    
    
    ISBN 7-80663-017-1:CNY10.00
    《华山碑》全称《汉西岳华山庙碑》,是汉碑隶书成熟时期的代表作之一。书风朴茂古拙又圆转流动;用笔丰满中和,为书家所推重。
●
相关链接 在五车中查询图书 在当当中查询图书 在豆瓣中查询图书


正题名:华山碑     索取号:J292.22/14         预约/预借

序号 登录号 条形码 馆藏地/架位号 状态 备注
1 586800   230156846   中心书库中库/ 中库018架B面2列4层29/ [索取号:J292.22/14] 在馆    
2 586801   230156845   中心书库中库/ 中库017架A面1列2层26/ [索取号:J292.22/14] 在馆    
3 586802   230156844   中心书库中库/ 中库018架B面2列4层17/ [索取号:J292.22/14] 在馆    
4 586803   230156843   中心书库中库/ 中库018架B面2列4层35/ [索取号:J292.22/14] 在馆    
5 586804   230156847   中心书库中库/ 中库018架B面2列4层28/ [索取号:J292.22/14] 在馆    
山东省滨州职业学院图书馆 欢迎您!
大连网信软件有限公司© 版权所有